00443nam a2200181Ia 4500008004100000020001800041050001400059100001800073245002200091245004800113260001500161260001600176260000900192300001500201300002700216300001000243500000800253170918s9999 xx 000 0 und d a9780545659383 bS559 2001 aShowers, Paul aHear your heart / cPaul Showers ; illustrated by Holly Keller. aNew York : bScholastic, c2001 a33 pages : bcolored illustration ; c20cm. a500